Loading...
| Religion | 0 | 7 | 0 | 1 | 70 | 38 | 86.43 | 4 | 6 | 0.00 | 0.00 |
| Mythology | 0 | 7 | 0 | 0 | 70 | 66 | 94.43 | 2 | 7 | 0.00 | 0.00 |
| Social Science | 0 | 6 | 0 | 1 | 60 | 32 | 86.83 | 2 | 6 | 0.00 | 0.00 |
| Science - Other | 0 | 6 | 1 | 0 | 55 | 47 | 77.83 | 5 | 6 | 0.00 | 0.00 |
| Literature - European | 0 | 5 | 0 | 1 | 50 | 45 | 85.40 | 4 | 5 | 0.00 | 0.00 |
| Science - Physics | 0 | 5 | 0 | 1 | 50 | 72 | 95.60 | 2 | 5 | 0.00 | 0.00 |
| History - European | 0 | 4 | 0 | 1 | 40 | 46 | 66.50 | 1 | 3 | 0.00 | 0.00 |
| Fine Arts - Painting and Sculpture | 0 | 4 | 1 | 0 | 35 | 40 | 67.75 | 2 | 4 | 0.00 | 0.00 |
| Philosophy | 0 | 3 | 0 | 1 | 30 | 51 | 81.00 | 1 | 3 | 0.00 | 0.00 |
| Current Events | 0 | 2 | 0 | 1 | 20 | 74 | 96.00 | 1 | 2 | 0.00 | 0.00 |
| Science - Chemistry | 0 | 2 | 0 | 1 | 20 | 102 | 104.00 | 0 | 2 | 0.00 | 0.00 |
| Science - Biology | 0 | 2 | 1 | 0 | 15 | 57 | 75.00 | 1 | 2 | 0.00 | 0.00 |
| Fine Arts - Other | 0 | 2 | 1 | 0 | 15 | 74 | 76.50 | 0 | 2 | 0.00 | 0.00 |
| Literature - American | 0 | 1 | 0 | 0 | 10 | 83 | 83.00 | 1 | 1 | 0.00 | 0.00 |
| History - Other | 0 | 1 | 1 | 0 | 5 | 99 | 99.00 | 0 | 0 | 0.00 | 0.00 |
| Literature - World | 0 | 1 | 1 | 0 | 5 | 93 | 93.00 | 0 | 1 | 0.00 | 0.00 |
| History - World | 0 | 1 | 1 | 0 | 5 | 82 | 82.00 | 0 | 1 | 0.00 | 0.00 |
| Fine Arts - Classical Music | 0 | 1 | 1 | 0 | 5 | 120 | 120.00 | 0 | 1 | 0.00 | 0.00 |
| Literature - British | 0 | 1 | 1 | 0 | 5 | 84 | 84.00 | 0 | 1 | 0.00 | 0.00 |
| Other Academic | 0 | 0 | 1 | 0 | -5 | 0.00 | 0 | 0 | 0.00 | 0.00 |